Les pokémons de la première génération - Statistiques

Statistiques générales
  • Ce quiz a été pris 19 fois
  • Le résultat moyen est 103 sur 151
Statistiques - réponses
Numéro Réponse % Correct
001 Bulbizarre
100%
008 Carabaffe
100%
007 Carapuce
100%
006 Dracaufeu/Mega Dracaufeu X/Y
100%
002 Herbizarre
100%
151 Mew
100%
005 Reptincel
100%
004 Salamèche
100%
009 Tortank/Méga Tortank
100%
003 Florizarre/Méga Florizarre
94%
012 Papilusion
94%
025 Pikachu
94%
026 Raichu
94%
144 Artikodin
88%
013 Aspicot
88%
011 Chrysacier
88%
148 Draco
88%
149 Dracolosse
88%
092 Fantominus
88%
075 Gravalanch
88%
147 Minidraco
88%
074 Racaillou
88%
018 Roucarnage/Méga Roucarnage
88%
016 Roucool
88%
017 Roucoups
88%
093 Spectrum
88%
146 Sulfura
88%
023 Abo
82%
134 Aquali
82%
024 Arbok
82%
094 Ectoplasma/Méga Ectoplasma
82%
133 Evoli
82%
076 Grolem
82%
130 Léviator/Méga Léviator
82%
066 Machoc
82%
067 Machopeur
82%
129 Magicarpe
82%
052 Miaouss
82%
041 Nosferapti
82%
053 Persian
82%
136 Pyroli
82%
019 Rattata
82%
109 Smogo
82%
110 Smogogo
82%
120 Stari
82%
121 Staross
82%
135 Voltali
82%
063 Abra
76%
065 Alakazam/Méga Alakazam
76%
010 Chenipan
76%
014 Coconfort
76%
015 Dardargnan/Méga Dardargnan
76%
145 Electhor
76%
125 Elektek
76%
038 Feunard
76%
064 Kadabra
76%
126 Magmar
76%
150 Mewtwo/Méga Mewtwo X/Y
76%
034 Nidoking
76%
031 Nidoqueen
76%
029 | 032 Nidoran
76%
030 Nidorina
76%
033 Nidorino
76%
104 Osselait
76%
118 Poissirene
76%
143 Ronflex
76%
107 Tygnon
76%
037 Goupix
71%
123 Insecateur
71%
068 Mackogneur
71%
042 Nosferalto
71%
095 Onix
71%
105 Ossatueur
71%
119 Poissoroy
71%
142 Ptera/Mega Ptera
71%
020 Rattatac
71%
027 Sabelette
71%
028 Sablaireau
71%
128 Tauros
71%
139 Amonistar
65%
138 Amonita
65%
059 Arcanin
65%
070 Boustiflor
65%
058 Caninos
65%
069 Chetiflor
65%
089 Grotadmorv
65%
106 Kicklee
65%
021 Piafabec
65%
022 Rapasdepic
65%
100 Voltorbe
65%
101 Electrode
59%
071 Empiflor
59%
078 Galopa
59%
117 Hypocean
59%
116 Hypotrempe
59%
140 Kabuto
59%
141 Kabutops
59%
131 Lokhlass
59%
081 Magneti
59%
122 M.mime
59%
077 Ponyta
59%
137 Porygon
59%
111 Rhinocorne
59%
039 Rondoudou
59%
088 Tadmorv
59%
050 Taupiqueur
59%
040 Grodoudou
53%
087 Lamantine
53%
113 Leveinard
53%
124 Lippoutou
53%
082 Magneton
53%
036 Mélodelfe
53%
035 Mélofee
53%
044 Ortide
53%
086 Otaria
53%
072 Tentacool
53%
073 Tentacruel
53%
051 Triopikeur
53%
083 Canarticho
47%
057 Colossinge
47%
084 Doduo
47%
056 Ferosinge
47%
115 Kangourex/Méga Kangourex
47%
043 Mystherbe
47%
045 Rafflesia
47%
079 Ramoloss
47%
112 Rhinoferos
47%
061 Tetarte
47%
049 Aeromite
41%
055 Akwakwak
41%
091 Crustabri
41%
085 Dodrio
41%
108 Excelangue
41%
080 Flagadoss/Méga Flagadoss
41%
090 Kokiyas
41%
099 Krabboss
41%
098 Krabby
41%
048 Mimitoss
41%
103 Noadkoko
41%
102 Noeunoeuf
41%
046 Paras
41%
047 Parasect
41%
054 Psykokwak
41%
060 Ptitard
41%
114 Saquedeneu
41%
127 Scarabrute/Méga Scarabrute
41%
096 Soporifik
41%
062 Tartard
41%
097 Hypnomade
29%
132 Metamorph
29%
Aucun quiz correspondant
Distribution des résultats
% des personnes avec chaque résultat
Percentile par nombre de réponses
Votre historique - résultats
Vous n’avez pas pris ce quiz